Score 0/24 Timer 03:00
0 Plays Today
Hint 4-Letter Word % Correct
▲ ___-___ [Rung 17], super-baby ▲
OR knave (cards)
JACK
86.1%
Music genreROCK
86.1%
Cat noisePURR
84.4%
Baroque composerBACH
83.9%
High school quarterback, e.g.JOCK
83.1%
▲ ___ [Rung 17], hyperactive son ▲
OR Morse component
DASH
82.8%
▲ Edna ____, fashion designer ▲
OR pie a la ___
MODE
82%
Write data to a CDBURN
81.9%
Brought into existenceBORN
81.3%
Theme park attractionRIDE
80.7%
'Encore!'MORE
79.8%
Strike hard and violentlyBASH
79.2%
Hint 4-Letter Word % Correct
▲ ____ Dicker, NSA government agent ▲
OR Astley of rolling?
RICK
79.2%
Hamilton opponentBURR
79.1%
Supply with fundingBACK
78.9%
Anne ___, American authorRICE
74.8%
▲ Main family's surname ▲
OR Henry's last Catherine
PARR
71.5%
___ one's timeBIDE
71.4%
Warn ofBODE
67.5%
Minute opening in a surfacePORE
67.4%
Strip a fruitPARE
65.3%
Timely blessingBOON
48.1%
▲ ___ Voyage, enemy of Mr. Incredible ▲
OR box-office dud
BOMB
47.9%
Hardly a geniusBOOB
35.5%

Today's Daily Dose

Remove Ads.
Support Sporcle.
Get the best of Sporcle when you Go Orange. This ad-free experience offers more features, more stats, and more fun while also helping to support Sporcle. Thank you for becoming a member.

You're not logged in!

Compare scores with friends on all Sporcle quizzes.
OR
Log In

Show Comments

Extras

Top Quizzes Today


Score Distribution

Your Account Isn't Verified!

In order to create a playlist on Sporcle, you need to verify the email address you used during registration. Go to your Sporcle Settings to finish the process.

Report this User

Report this user for behavior that violates our Community Guidelines.

Details: